Martin's Physical Pharmacy and Pharmaceutical Sciences (Record no. 8636)

MARC details
000 -LEADER
fixed length control field 00487nam a22001577a 4500
003 - CONTROL NUMBER IDENTIFIER
control field OSt
008 - FIXED-LENGTH DATA ELEMENTS--GENERAL INFORMATION
fixed length control field 200527b ||||| |||| 00| 0 eng d
020 ## - INTERNATIONAL STANDARD BOOK NUMBER
International Standard Book Number 9781609134020
100 ## - MAIN ENTRY--PERSONAL NAME
Personal name Sinko Patrick J.
245 ## - TITLE STATEMENT
Title Martin's Physical Pharmacy and Pharmaceutical Sciences
250 ## - EDITION STATEMENT
Edition statement 7th
260 ## - PUBLICATION, DISTRIBUTION, ETC. (IMPRINT)
Place of publication, distribution, etc New Delhi
Name of publisher, distributor, etc Lippincott Williams and Wilkins
Date of publication, distribution, etc 2019
300 ## - PHYSICAL DESCRIPTION
Extent 701
650 ## - SUBJECT ADDED ENTRY--TOPICAL TERM
Topical term or geographic name as entry element Pharmaceutics- Drug Delivery Systems,Pharmaceutical Engineering regulraty Science
942 ## - ADDED ENTRY ELEMENTS (KOHA)
Source of classification or shelving scheme Dewey Decimal Classification
Koha item type Text Books
942 ## - ADDED ENTRY ELEMENTS (KOHA)
-- 7
Holdings
Withdrawn status Lost status Source of classification or shelving scheme Damaged status Not for loan Collection code Home library Current library Date acquired Source of acquisition Currency Cost, normal purchase price Bill Number Total Checkouts Full call number Acc. no. / Barcode Checked out Date last seen Date last borrowed Actual Cost, discounted price Bill Date Koha item type
    Dewey Decimal Classification     B.Pharma PIET C-LIBRARY PIET C-LIBRARY 08/01/2020 Kirti Praskshan IN Rupees 1999.00 IN5984 5 615.151 SIM BP496 18/06/2026 04/06/2026 04/06/2026 1499.25 08/01/2020 Text Books
    Dewey Decimal Classification     B.Pharma PIET C-LIBRARY PIET C-LIBRARY 08/01/2020 Kirti Praskshan IN Rupees 1999.00 IN5984   615.151 SIM BP497   27/05/2020   1499.25 08/01/2020 Reference Books
    Dewey Decimal Classification     B.Pharma PIET C-LIBRARY PIET C-LIBRARY 08/01/2020 Kirti Praskshan IN Rupees 1999.00 IN5984 4 615.151 SIM BP498   07/05/2026 23/04/2026 1499.25 08/01/2020 Text Books
    Dewey Decimal Classification     B.Pharma PIET C-LIBRARY PIET C-LIBRARY 08/01/2020 Kirti Praskshan IN Rupees 1999.00 IN5984 6 615.151 SIM BP499   07/05/2026 23/04/2026 1499.25 08/01/2020 Text Books

Design & Developed by: PIET Central Library
R70 Miles Stone Pattikalyana Samalkha Panipat 132102
mail ID :- [email protected], Phone No:- 0180-2569700 Ex.216